000 02768aam a2200349 i 4500
001 768714001
003 CO-MdFUSB
005 20211214092405.0
007 ta
008 211214t1967 -us |||| |||| 00| 0 eng d
020 _a[No incluye ISBN]
040 _bspa.
_aCO-MdFUSB
_cCO-MdFUSB
_dCO-MdFUSBC
_erda
041 _aeng
082 0 4 _a278.5
_223
_bK425s
100 1 _aKessler, Juan B. A. (1925-)
_eautor
245 1 2 _aA study of the older protestant missions and churches in Peru and Chile :
_bWith special reference to the problems of division nationalism and native ministry
_c/ J. B. A. Kessler
264 0 _aEstados Unidos :
_bOosterbaan & le Cointre,
_c[1967]
300 _a369 Páginas
_c; 24 cm
336 _atexto
_btxt
_2rdacontent
337 _2rdamedia
_asin mediación
_bn
338 _2rdacarrier
_avolumen
_bnc
505 _tParte uno. Introducción:
_aUn esbozo de los antecedentes del desarrollo del protestantismo. -- Los primeros esfuerzos del protestantismo en Perú y Chile. -- El establecimiento del protestantismo en el Perú. -- El establecimiento del protestantismo en Chile.
505 _tParte dos. Las misiones y las iglesias que practicaron el bautismo infantil:
_aEl presbiterianismo en chile y el problema de establecer un ministerio nacional. -- Posteriormente el presbiterianismo en Chile. -- Los metodistas en Perú. -- Los metodistas en Chile hasta la época del avivamiento pentecostal. -- La división pentecostal y posterior desarrollo del metodismo en Chile. -- La misión anglicana a los indígenas araucanos del sur de Chile. -- La misión de la iglesia de Escocia en Perú.
505 _tParte tres. La misión y las iglesias que practicaron el bautismo de adultos:
_aLos primeros trabajos de las regiones más allá de la unión misionera en Perú. -- El desarrollo de los Estados Unidos funciona en el centro y sur del Perú. -- La obra de la alianza cristiana y misionera en Perú y la historia posterior de la iglesia evangélica peruana. -- El trabajo de los adventistas del séptimo día en chile y Perú. -- La alianza cristiana y misionera en Chile. -- Los bautistas en chile.
505 _tParte cuatro. Las iglesias que dieron protagonismo al bautismo del Espíritu:
_aLa santidad peregrina y las iglesias nazarenas en Perú. -- Las iglesias pentecostales en Perú. -- La iglesia pentecostal en chile bajo el liderazgo de Hoover. -- El crecimiento del pentecostalismo en Chile.
505 _tParte cinco. Conclusiones:
_aUna revisión de los problemas de división, nacionalismo y ministerio indígena. -- La presentación del evangelio en el medio peruano y chileno
563 _aTapa dura
650 0 _9153
_aHistoria de la Iglesia
942 _cBK
945 _aJTF-925
999 _c38707
_d38707